000
00236nam a2200109Ia 4500
942
_c
BK
245
_a
Standard work for the Shopfloor
260
_b
Production Pres Inc
_c
2002
300
_a
85
546
_a
ENGLISH
_c
Info.Tech
999
_c
31547
_d
31547